| 000 | 00907nam a2200301Ia 4500 | ||
|---|---|---|---|
| 003 | GCL | ||
| 008 | 140319s9999 xx 000 0 ara d | ||
| 040 |
_aGCL / _cGCL |
||
| 082 | 0 | 4 |
_aط _b930 _bم ك |
| 100 | 1 | _aوجدى رزق غالى | |
| 245 | 1 | 0 |
_aكتب الفراشة : كنوز توت عنخ امون / _cوجدى رزق غالى |
| 700 | 1 | _aبسادة ، عشم | |
| 250 | _aالاولى | ||
| 260 |
_aبيروت : _bمكتبة لبنان ، _c1993 |
||
| 300 |
_a48 ص ؛ _c24 سم |
||
| 490 |
_aكتب الفراشة _v1 |
||
| 650 | 0 | 4 | _aتاريخ |
| 650 | 0 | 4 | _aالاطفال |
| 650 | 0 | 4 | _aمصر القديمة |
| 650 | 0 | 4 | _aالتاريخ |
| 650 | 0 | 4 | _aالفراعنة |
| 650 | 0 | 4 | _aالاثار الفرعونية |
| 650 | 0 | 4 | _aالاثار |
| 650 | 0 | 4 | _aتوت عنخ امون |
| 650 | 0 | 4 | _aادب الاطفال |
| 650 | 0 | 4 | _aكتب الاطفال |
| 942 |
_2ddc _cBK |
||
| 999 |
_c32276 _d32276 |
||